LEADER 02658nam2 22005773i 450 001 VAN00285244 005 20250327020345.516 017 70$2N$a9783031196355 100 $a20250123d2023 |0itac50 ba 101 $aeng 102 $aCH 105 $a|||| ||||| 181 $ai$b e 182 $ab 183 $acr 200 1 $aˆVol. 2.: ‰Overcoming the Curse of Dimensionality: Large-Scale Application$fDan Gabriel Cacuci, Ruixian Fang 210 $aCham$cSpringer$d2023 215 $axvi, 463 p.$cill.$d24 cm 461 1$1001VAN00283866$12001 $aˆThe ‰nth-Order Comprehensive Adjoint Sensitivity Analysis Methodology$1210 $aCham$cSpringer$d2022-$1215 $avolumi$cill.$d24 cm$v2 606 $a00A79 (77-XX)$xPhysics [MSC 2020]$3VANC023182$2MF 606 $a62-XX$xStatistics [MSC 2020]$3VANC022998$2MF 606 $a68-XX$xComputer science [MSC 2020]$3VANC019670$2MF 606 $a81V35$xNuclear physics [MSC 2020]$3VANC023270$2MF 610 $aCovariance-based sensitivity analysis$9KW:K 610 $aCross-section sensitivity and uncertainty analysis$9KW:K 610 $aCurse of dimensionality$9KW:K 610 $aFirst-order adjoint sensitivity analysis$9KW:K 610 $aFirst-order forward sensitivity analysis$9KW:K 610 $aFission spectrum$9KW:K 610 $aFourth-order forward sensitivity analysis$9KW:K 610 $aIsotopic number densities$9KW:K 610 $aOECD/NEO benchmark$9KW:K 610 $aPolyethylene-reflected plutonium benchmark$9KW:K 610 $aSecond-order adjoint sensitivity analysis$9KW:K 610 $aSecond-order forward sensitivity analysis$9KW:K 610 $aSpontaneous fission source$9KW:K 610 $aThird-order adjoint sensitivity analysis$9KW:K 610 $aThird-order forward sensitivity analysis$9KW:K 610 $aVariance-based sensitivity analysis$9KW:K 620 $aCH$dCham$3VANL001889 700 1$aCacuci$bDan Gabriel$3VANV237540$0897247 701 1$aFang$bRuixian$3VANV239098$01783026 712 $aSpringer $3VANV108073$4650 801 $aIT$bSOL$c20250328$gRICA 856 4 $uhttps://doi.org/10.1007/978-3-031-19635-5$zE-book ? Accesso al full-text attraverso riconoscimento IP di Ateneo, proxy e/o Shibboleth 899 $aBIBLIOTECA DEL DIPARTIMENTO DI MATEMATICA E FISICA$1IT-CE0120$2VAN08 912 $fN 912 $aVAN00285244 950 $aBIBLIOTECA DEL DIPARTIMENTO DI MATEMATICA E FISICA$d08DLOAD e-Book 10368 $e08eMF10368 20250207 996 $aOvercoming the Curse of Dimensionality: Large-Scale Application$94309906 997 $aUNICAMPANIA